Phase behavior of petroleum reservoir fluids / (Record no. 2183)

MARC details
000 -LEADER
fixed length control field 01389nac a2200385 i 4500
003 - CONTROL NUMBER IDENTIFIER
control field EG-ScBUE
005 - DATE AND TIME OF LATEST TRANSACTION
control field 20260312093835.0
008 - FIXED-LENGTH DATA ELEMENTS--GENERAL INFORMATION
fixed length control field 090203t2007 flua f b 001 0 eng d
020 ## - INTERNATIONAL STANDARD BOOK NUMBER
International Standard Book Number 0824706943
020 ## - INTERNATIONAL STANDARD BOOK NUMBER
International Standard Book Number 9780824706944
035 ## - SYSTEM CONTROL NUMBER
System control number (OCoLC)ocm69680140
035 ## - SYSTEM CONTROL NUMBER
System control number (OCoLC)69680140
040 ## - CATALOGING SOURCE
Original cataloging agency EG-ScBUE
Language of cataloging eng
Description conventions rda
Transcribing agency EG-ScBUE
Modifying agency EG-ScBUE
082 04 - DEWEY DECIMAL CLASSIFICATION NUMBER
Classification number 553.28
Item number PED
Edition number 22
100 1# - MAIN ENTRY--PERSONAL NAME
Personal name Pedersen, K. S.
Fuller form of name (Karen Schou),
9 (RLIN) 24664
Relator term author.
245 10 - TITLE STATEMENT
Title Phase behavior of petroleum reservoir fluids /
Statement of responsibility, etc Karen Schou Pedersen, Peter L. Christensen.
264 #1 - PUBLICATION, DISTRIBUTION, ETC. (IMPRINT)
Place of publication, distribution, etc Boca Raton, FL :
Name of publisher, distributor, etc Taylor & Francis Group,
Date of publication, distribution, etc [2007]
264 #4 - PUBLICATION, DISTRIBUTION, ETC. (IMPRINT)
Date of publication, distribution, etc c2007
300 ## - PHYSICAL DESCRIPTION
Extent 406 pages :
Other physical details illustrations ;
Dimensions 27 cm
336 ## - CONTENT TYPE
Source rdacontent
Content type term text
Content type code txt
337 ## - MEDIA TYPE
Media type term unmediated
Source rdamedia
Media type code n
338 ## - CARRIER TYPE
Carrier type term volume
Carrier type code nc
Source rdacarrier
500 ## - GENERAL NOTE
General note Includes appendix.
504 ## - BIBLIOGRAPHY, ETC. NOTE
Bibliography, etc Includes bibliographical references and index.<br/>
650 #7 - SUBJECT ADDED ENTRY--TOPICAL TERM
Topical term or geographic name as entry element Petroleum reserves
General subdivision Mathematical models.
9 (RLIN) 24665
Source of heading or term BUEsh
650 #7 - SUBJECT ADDED ENTRY--TOPICAL TERM
Topical term or geographic name as entry element Petroleum
General subdivision Geology
-- Mathematical models.
9 (RLIN) 24666
Source of heading or term BUEsh
650 #7 - SUBJECT ADDED ENTRY--TOPICAL TERM
Topical term or geographic name as entry element Phase rule and equilibrium.
9 (RLIN) 24667
Source of heading or term BUEsh
650 #7 - SUBJECT ADDED ENTRY--TOPICAL TERM
Topical term or geographic name as entry element Thermodynamic equilibrium.
9 (RLIN) 24668
Source of heading or term BUEsh
650 #7 - SUBJECT ADDED ENTRY--TOPICAL TERM
Topical term or geographic name as entry element Heavy oil.
9 (RLIN) 24669
Source of heading or term BUEsh
650 #7 - SUBJECT ADDED ENTRY--TOPICAL TERM
Topical term or geographic name as entry element Hydrocarbons.
9 (RLIN) 24670
Source of heading or term BUEsh
653 ## - INDEX TERM--UNCONTROLLED
Arrived date list June2011
655 ## - INDEX TERM--GENRE/FORM
Form subdivision Reading book
700 1# - ADDED ENTRY--PERSONAL NAME
9 (RLIN) 24671
Personal name Christensen, Peter L.
Fuller form of name (Peter Lindskou),
Relator term author.
942 ## - ADDED ENTRY ELEMENTS (KOHA)
Koha item type Book - Borrowing
Source of classification or shelving scheme Dewey Decimal Classification
Holdings
Withdrawn status Lost status Source of classification or shelving scheme Damaged status Not for loan Collection code Home library Current library Shelving location Date acquired Source of acquisition Cost, normal purchase price Total Checkouts Full call number Barcode Date last seen Date checked out Cost, replacement price Price effective from Koha item type Serial Enumeration / chronology Total Renewals
    Dewey Decimal Classification     unknown Central Library Central Library First floor 07/02/2012   1300.00 4 553.28 PED 000002017 15/07/2025 07/05/2009 1625.00 12/02/2007 Book - Borrowing    
    Dewey Decimal Classification     Alahram Central Library Central Library First floor 03/02/2009   1300.00 1 553.28 PED 000014545 15/07/2025 25/09/2019 1625.00 03/02/2009 Book - Borrowing 06461 25
    Dewey Decimal Classification     Baccah Central Library Central Library First floor 05/06/2011   1300.00   553.28 PED 000024055 15/07/2025   1625.00 05/06/2011 Book - Borrowing 12336